[Event "SVK-ch Open 2018"]
[Site "Banska Stiavnica"]
[Date "2018.07.11"]
[Round "5"]
[White "Pesztericz, Laszlo"]
[Black "Bango, Lukas"]
[Result "1/2-1/2"]
[WhiteElo "1980"]
[BlackElo "2148"]
[Annotator "NA"]
[PlyCount "121"]
[EventDate "2018.07.07"]
[EventType "swiss"]
[EventCountry "SVK"]
[SourceTitle "playchess.com"]
[Source "ChessBase"]
[SourceQuality "1"]
[TimeControl "40/5400+30:1800+30"]

1. e4 {[%emt 0:00:00]} c5 {[%emt 0:00:00]} 2. Nc3 {[%emt 0:00:00]} Nc6 {[%emt 0:00:00]} 3. g3 {[%emt 0:00:00]} g6 {[%emt 0:00:00]} 4. Bg2 {[%emt 0:00:00]} Bg7 {[%emt 0:00:00]} 5. d3 {[%emt 0:00:02]} d6 {[%emt 0:00:12]} 6. Be3 $11 {[%emt 0:00:10] LiveBook: 1948 Games} e6 {[%emt 0:00:09]} 7. Qd2 {[%emt 0:00:09]} Rb8 {[%emt 0:00:30]} 8. Nge2 {[%emt 0:00:22]} b5 {[%emt 0:00:39]} 9. O-O {[%emt 0:00:36]} Nge7 {[%emt 0:00:17]} 10. f4 {[%emt 0:00:35]} O-O {[%emt 0:00:27]} 11. Rae1 {[%emt 0:02:46]} Nd4 {[%emt 0:02:23]} 12. Nd1 {[%emt 0:01:34]} f5 {[%emt 0:01:23]} 13. c3 {[%emt 0:01:20]} Nxe2+ {[%emt 0:00:16]} 14. Qxe2 {[%emt 0:00:14]} Qc7 {[%emt 0:08:38]} 15. Nf2 {[%emt 0:09:59]} Bd7 {[%emt 0:03:00]} 16. g4 {[%emt 0:13:05]} b4 {[%emt 0:04:21]} 17. Bd2 {[%emt 0:05:59]} Kh8 {[%emt 0:12:56]} 18. Kh1 {[%emt 0:02:59]} Nc6 {[%emt 0:01:19]} 19. gxf5 {[%emt 0:04:47]} exf5 {[%emt 0:00:39]} 20. Nh3 {[%emt 0:00:09]} bxc3 {[%emt 0:03:13]} 21. Bxc3 {[%emt 0:00:39]} Nd4 {[%emt 0:01:11]} 22. Qd2 {[%emt 0:03:16]} Rbe8 {[%emt 0:08:41]} 23. Ng5 {[%emt 0:01:36]} fxe4 {[%emt 0:01:02]} 24. dxe4 {[%emt 0:01:14]} Bc6 {[%emt 0:00:32]} 25. Nf3 {[%emt 0:05:46]} Qb6 {[%emt 0:09:19]} 26. Nxd4 {[%emt 0:12:46]} cxd4 {[%emt 0:00:02]} 27. Bb4 {[%emt 0:00:22]} Rf6 {[%emt 0:00:23]} 28. a3 {[%emt 0:19:25]} Rfe6 {[%emt 0:20:16]} 29. f5 {[%emt 0:01:28]} gxf5 {[%emt 0:00:03]} 30. exf5 {[%emt 0:00:27]} Bh6 {[%emt 0:00:03]} 31. Qf2 {[%emt 0:02:32]} Rxe1 {[%emt 0:01:20]} 32. Bxe1 {[%emt 0:07:14]} Rg8 {[%emt 0:01:20]} 33. Bxc6 {[%emt 0:00:24]} Qxc6+ {[%emt 0:00:07]} 34. Qf3 {[%emt 0:00:09]} Qxf3+ {[%emt 0:05:06]} 35. Rxf3 {[%emt 0:00:03]} Be3 {[%emt 0:00:05]} 36. Bg3 {[%emt 0:00:12]} Kg7 {[%emt 0:01:57]} 37. Bxd6 {[%emt 0:00:35]} Kf7 {[%emt 0:00:14]} 38. Bg3 {[%emt 0:01:11]} Rd8 {[%emt 0:03:37]} 39. Be1 {[%emt 0:00:26]} Bc1 {[%emt 0:00:14]} 40. Rd3 {[%emt 0:03:39]} Bxb2 {[%emt 0:00:03]} 41. Rb3 {[%emt 0:30:32]} Bc1 {[%emt 0:30:21]} 42. Rb7+ {[%emt 0:00:03]} Kg8 {[%emt 0:00:22]} 43. Bb4 {[%emt 0:00:00]} Bg5 {[%emt 0:00:00]} 44. Be7 {[%emt 0:00:00]} Bxe7 {[%emt 0:00:00]} 45. Rxe7 {[%emt 0:00:00]} d3 {[%emt 0:00:00]} 46. Re1 {[%emt 0:00:00]} Kf7 {[%emt 0:00:00]} 47. Kg2 {[%emt 0:00:00]} Kf6 {[%emt 0:00:00]} 48. Kf3 {[%emt 0:00:00]} Kxf5 {[%emt 0:00:00]} 49. Rf1 {[%emt 0:00:00]} Ke5 {[%emt 0:00:00]} 50. Ke3 {[%emt 0:00:00]} d2 {[%emt 0:00:00]} 51. Rd1 {[%emt 0:00:00]} Kf5 {[%emt 0:00:00]} 52. Kf3 {[%emt 0:00:31]} Rd7 {[%emt 0:00:00]} 53. Ke2 {[%emt 0:04:02]} Ke4 {[%emt 0:00:00]} 54. Rxd2 {[%emt 0:00:24]} Rxd2+ {[%emt 0:00:00]} 55. Kxd2 {[%emt 0:00:08]} Kf3 {[%emt 0:00:00]} 56. a4 {[%emt 0:00:16]} h5 {[%emt 0:00:00]} 57. a5 {[%emt 0:00:25]} h4 {[%emt 0:00:00]} 58. a6 {[%emt 0:00:24]} h3 {[%emt 0:00:00]} 59. Kd3 {[%emt 0:00:20]} Kg2 {[%emt 0:00:00]} 60. Ke2 {[%emt 0:00:54]} Kxh2 {[%emt 0:00:00]} 61. Kf2 {[%emt 0:00:36]} 1/2-1/2

[Event "SVK-ch Open 2018"]
[Site "Banska Stiavnica"]
[Date "2018.07.11"]
[Round "5"]
[White "Istok, Vojtech"]
[Black "Antal, Jakub"]
[Result "1-0"]
[WhiteElo "1971"]
[BlackElo "1787"]
[Annotator "NA"]
[PlyCount "63"]
[EventDate "2018.07.07"]
[EventType "swiss"]
[EventCountry "SVK"]
[SourceTitle "playchess.com"]
[Source "ChessBase"]
[SourceQuality "1"]
[TimeControl "40/5400+30:1800+30"]

1. e4 {[%emt 0:00:00]} c5 {[%emt 0:00:00]} 2. d4 {[%emt 0:00:06]} cxd4 {[%emt 0:00:28]} 3. c3 {[%emt 0:00:04]} Nf6 {[%emt 0:01:41]} 4. e5 {[%emt 0:00:09]} Nd5 {[%emt 0:01:01]} 5. Qxd4 {[%emt 0:00:28]} e6 {[%emt 0:01:40]} 6. Bc4 {[%emt 0:02:46]} Nc6 {[%emt 0:02:05]} 7. Qe4 {[%emt 0:00:04]} f5 {[%emt 0:08:02]} 8. exf6 {[%emt 0:00:28]} Nxf6 {[%emt 0:00:22]} 9. Qe2 {[%emt 0:00:16]} d5 {[%emt 0:06:23]} 10. Bb3 {[%emt 0:05:43]} Bd6 {[%emt 0:08:45]} 11. Bg5 {[%emt 0:02:25]} O-O {[%emt 0:00:28]} 12. Nf3 {[%emt 0:00:51]} Qc7 {[%emt 0:06:23]} 13. Nbd2 {[%emt 0:06:02]} Bd7 {[%emt 0:18:53]} 14. c4 {[%emt 0:14:51]} Rae8 {[%emt 0:08:08]} 15. O-O {[%emt 0:08:28]} h6 {[%emt 0:12:37]} 16. Bxf6 {[%emt 0:08:42]} Rxf6 {[%emt 0:02:31]} 17. cxd5 {[%emt 0:00:26]} exd5 {[%emt 0:03:17]} 18. Bxd5+ {[%emt 0:00:13]} Kh8 {[%emt 0:00:18]} 19. Qc4 {[%emt 0:04:10]} Rf4 {[%emt 0:03:40]} 20. Qb3 {[%emt 0:00:23]} Ref8 {[%emt 0:07:20]} 21. Rac1 {[%emt 0:11:07]} Qc8 {[%emt 0:04:13]} 22. Rfe1 {[%emt 0:15:50]} Bh3 {[%emt 0:01:12]} 23. Be6 {[%emt 0:00:51]} Bxe6 {[%emt 0:00:49]} 24. Qxe6 {[%emt 0:00:03]} Qd8 {[%emt 0:00:43]} 25. Rc4 {[%emt 0:04:03]} Rxc4 {[%emt 0:00:58]} 26. Nxc4 {[%emt 0:00:06]} Rxf3 {[%emt 0:00:29]} 27. Nxd6 {[%emt 0:06:01]} Rf6 {[%emt 0:00:29]} 28. Nf7+ {[%emt 0:00:53]} Rxf7 {[%emt 0:00:02]} 29. Qxf7 {[%emt 0:00:08]} Ne5 {[%emt 0:00:55]} 30. Qe6 {[%emt 0:00:42]} Nd3 {[%emt 0:00:37]} 31. Rd1 {[%emt 0:01:21]} Qd4 {[%emt 0:00:28]} 32. Qc8+ {[%emt 0:01:10]} 1-0

[Event "SVK-ch Open 2018"]
[Site "Banska Stiavnica"]
[Date "2018.07.11"]
[Round "5"]
[White "Panko, Eduard"]
[Black "Tepper, Frantisek"]
[Result "1/2-1/2"]
[WhiteElo "1958"]
[BlackElo "2050"]
[Annotator "NA"]
[PlyCount "46"]
[EventDate "2018.07.07"]
[EventType "swiss"]
[EventCountry "SVK"]
[SourceTitle "playchess.com"]
[Source "ChessBase"]
[SourceQuality "1"]
[TimeControl "40/5400+30:1800+30"]

1. e4 {[%emt 0:00:00]} Nf6 {[%emt 0:00:00]} 2. Nc3 {[%emt 0:00:04]} d5 {[%emt 0:00:00]} 3. exd5 {[%emt 0:00:27]} Nxd5 {[%emt 0:00:00]} 4. Nxd5 {[%emt 0:00:17]} Qxd5 {[%emt 0:00:00]} 5. Qf3 {[%emt 0:00:12]} c6 {[%emt 0:03:42]} 6. Qxd5 {[%emt 0:07:16]} cxd5 {[%emt 0:00:02]} 7. d4 {[%emt 0:00:16]} Nc6 {[%emt 0:01:06]} 8. c3 {[%emt 0:01:00]} Bf5 {[%emt 0:01:15]} 9. Bf4 {[%emt 0:01:52]} f6 {[%emt 0:02:23]} 10. Bb5 {[%emt 0:02:59]} Rc8 {[%emt 0:00:19]} 11. Bg3 {[%emt 0:09:34]} e6 $11 {[%emt 0:06:12]} 12. Ne2 {[%emt 0:01:09]} a6 {[%emt 0:00:23]} 13. Ba4 {[%emt 0:00:26]} Kd7 {[%emt 0:03:56]} 14. O-O {[%emt 0:06:55]} Bd6 {[%emt 0:00:19]} 15. Bxd6 {[%emt 0:01:28]} Kxd6 {[%emt 0:00:01]} 16. Ng3 {[%emt 0:00:38]} Bg6 {[%emt 0:01:25]} 17. f4 {[%emt 0:04:50]} Ne7 {[%emt 0:01:55]} 18. Rae1 {[%emt 0:01:13]} h5 19. h4 Nf5 20. Nxf5+ Bxf5 21. Rf2 b5 22. Bc2 Bxc2 23. Rxc2 b4 1/2-1/2

[Event "SVK-ch Open 2018"]
[Site "Banska Stiavnica"]
[Date "2018.07.11"]
[Round "5"]
[White "Gzib, David"]
[Black "Kerdik, Adam"]
[Result "0-1"]
[WhiteElo "1939"]
[BlackElo "2091"]
[Annotator "NA"]
[PlyCount "114"]
[EventDate "2018.07.07"]
[EventType "swiss"]
[EventCountry "SVK"]
[SourceTitle "playchess.com"]
[Source "ChessBase"]
[SourceQuality "1"]
[TimeControl "40/5400+30:1800+30"]

1. e4 {[%emt 0:01:07]} c6 {[%emt 0:00:00]} 2. d4 {[%emt 0:00:51]} d5 {[%emt 0:00:00]} 3. e5 {[%emt 0:00:06]} Bf5 {[%emt 0:00:03]} 4. h4 {[%emt 0:00:06]} h5 {[%emt 0:00:40]} 5. Bd3 {[%emt 0:00:10]} Bxd3 {[%emt 0:00:27]} 6. Qxd3 {[%emt 0:00:02]} e6 {[%emt 0:00:15]} 7. Bg5 {[%emt 0:00:54]} Qb6 {[%emt 0:00:47]} 8. Nd2 {[%emt 0:00:25]} Qa6 {[%emt 0:00:35]} 9. c4 {[%emt 0:00:14]} Bb4 {[%emt 0:00:41]} 10. b3 {[%emt 0:00:13]} c5 {[%emt 0:01:09]} 11. dxc5 {[%emt 0:16:04]} Nc6 {[%emt 0:02:43]} 12. Ngf3 {[%emt 0:02:02]} Nge7 {[%emt 0:03:44]} 13. O-O {[%emt 0:03:22]} Bxc5 {[%emt 0:00:57]} 14. a3 {[%emt 0:07:33]} Ng6 {[%emt 0:05:49]} 15. Rfe1 {[%emt 0:06:00]} Qb6 {[%emt 0:01:51]} 16. Be3 {[%emt 0:13:05]} Ncxe5 {[%emt 0:09:45]} 17. Qc3 {[%emt 0:04:22]} Bxe3 {[%emt 0:05:57]} 18. Rxe3 {[%emt 0:02:59]} Ng4 {[%emt 0:03:31]} 19. c5 {[%emt 0:19:43]} Qc7 {[%emt 0:01:18]} 20. Ree1 {[%emt 0:00:49]} O-O {[%emt 0:02:49]} 21. Nf1 {[%emt 0:02:55]} Qe7 {[%emt 0:19:02]} 22. Ng3 {[%emt 0:04:31]} Qf6 {[%emt 0:04:34]} 23. Qd3 {[%emt 0:04:54]} Nf4 {[%emt 0:06:22]} 24. Qc2 {[%emt 0:02:12]} g6 {[%emt 0:06:13]} 25. Ng5 {[%emt 0:01:23]} Rfc8 {[%emt 0:04:27]} 26. b4 {[%emt 0:02:35]} a5 {[%emt 0:01:44]} 27. Rab1 {[%emt 0:00:48]} Ne5 {[%emt 0:04:51]} 28. Qc3 {[%emt 0:02:22]} Nfd3 {[%emt 0:00:41]} 29. Rxe5 {[%emt 0:01:47]} Nxe5 {[%emt 0:00:55]} 30. bxa5 {[%emt 0:00:40]} Nd7 {[%emt 0:05:20]} 31. Qc2 {[%emt 0:00:25]} Nxc5 {[%emt 0:00:50]} 32. Rb5 {[%emt 0:00:24]} Ne4 {[%emt 0:02:29]} 33. N3xe4 {[%emt 0:00:24]} Qa1+ {[%emt 0:00:09]} 34. Rb1 {[%emt 0:00:19]} Rxc2 {[%emt 0:00:08]} 35. Rxa1 {[%emt 0:00:14]} dxe4 {[%emt 0:00:06]} 36. Rb1 {[%emt 0:00:41]} Rc7 {[%emt 0:03:19]} 37. Rb5 {[%emt 0:00:11]} Rd8 {[%emt 0:01:46]} 38. Nxe4 {[%emt 0:00:42]} Kg7 {[%emt 0:00:09]} 39. g3 {[%emt 0:00:47]} Rd5 {[%emt 0:00:59]} 40. Rb3 {[%emt 0:00:54]} Rxa5 {[%emt 0:02:14]} 41. Nd6 {[%emt 0:02:17]} Rc1+ {[%emt 0:03:35]} 42. Kg2 {[%emt 0:00:31]} Rd5 {[%emt 0:01:29]} 43. Nxb7 {[%emt 0:02:03]} Rc2 {[%emt 0:01:32]} 44. a4 {[%emt 0:02:45]} Rf5 {[%emt 0:00:54]} 45. Rf3 {[%emt 0:02:17]} Rxf3 {[%emt 0:00:25]} 46. Kxf3 {[%emt 0:00:02]} Rc7 {[%emt 0:00:37]} 47. Nd6 {[%emt 0:02:02]} Ra7 {[%emt 0:00:05]} 48. Nc4 {[%emt 0:01:33]} Rxa4 {[%emt 0:00:10]} 49. Ne3 {[%emt 0:00:08]} Kf6 {[%emt 0:00:39]} 50. Ke2 {[%emt 0:00:36]} Ke5 {[%emt 0:01:29]} 51. Kf3 {[%emt 0:00:20]} Kd4 {[%emt 0:02:28]} 52. Nd1 {[%emt 0:01:58]} Ra3+ {[%emt 0:01:00]} 53. Ne3 {[%emt 0:00:57]} e5 {[%emt 0:02:07]} 54. Ke2 {[%emt 0:00:12]} Rxe3+ {[%emt 0:02:20]} 55. fxe3+ {[%emt 0:00:12]} Ke4 {[%emt 0:00:07]} 56. Kf2 {[%emt 0:00:14]} Kf5 {[%emt 0:00:56]} 57. Kf3 {[%emt 0:00:33]} e4+ {[%emt 0:00:05]} 0-1

[Event "SVK-ch Open 2018"]
[Site "Banska Stiavnica"]
[Date "2018.07.11"]
[Round "5"]
[White "Slaba, Andrea"]
[Black "Gyerpal, Adrian"]
[Result "1/2-1/2"]
[WhiteElo "1936"]
[BlackElo "1990"]
[Annotator "NA"]
[PlyCount "80"]
[EventDate "2018.07.07"]
[EventType "swiss"]
[EventCountry "SVK"]
[SourceTitle "playchess.com"]
[Source "ChessBase"]
[SourceQuality "1"]
[TimeControl "40/5400+30:1800+30"]

1. Nf3 {[%emt 0:00:00]} Nf6 {[%emt 0:00:00]} 2. g3 {[%emt 0:00:00]} g6 {[%emt 0:00:01]} 3. Bg2 {[%emt 0:00:23]} Bg7 {[%emt 0:00:18]} 4. O-O {[%emt 0:00:16]} O-O {[%emt 0:00:30]} 5. d4 {[%emt 0:01:07]} d6 {[%emt 0:00:56]} 6. c4 {[%emt 0:00:21]} Nc6 {[%emt 0:01:15]} 7. Nc3 {[%emt 0:03:32]} Bf5 {[%emt 0:00:45]} 8. Nh4 {[%emt 0:03:49]} Bd7 {[%emt 0:02:55]} 9. Nf3 {[%emt 0:00:42]} a6 {[%emt 0:03:20]} 10. b3 {[%emt 0:03:08]} Rb8 {[%emt 0:03:35]} 11. Bb2 {[%emt 0:01:46]} b5 {[%emt 0:03:24]} 12. cxb5 {[%emt 0:04:30]} axb5 {[%emt 0:00:15]} 13. d5 {[%emt 0:02:17]} b4 {[%emt 0:07:37]} 14. dxc6 {[%emt 0:00:55]} bxc3 {[%emt 0:00:05]} 15. Bxc3 {[%emt 0:00:28]} Bxc6 {[%emt 0:00:45]} 16. Rc1 {[%emt 0:01:49]} Bh6 {[%emt 0:09:19]} 17. e3 {[%emt 0:01:54]} Bb5 {[%emt 0:03:33]} 18. Re1 {[%emt 0:01:07]} c5 {[%emt 0:01:41]} 19. a4 {[%emt 0:00:59]} Bc6 {[%emt 0:02:54]} 20. Bxf6 {[%emt 0:01:22]} exf6 {[%emt 0:00:35]} 21. Nd2 {[%emt 0:00:13]} Bxg2 {[%emt 0:03:08]} 22. Kxg2 {[%emt 0:00:05]} Qc7 {[%emt 0:03:20]} 23. Qf3 {[%emt 0:01:38]} f5 {[%emt 0:03:34]} 24. Qd5 {[%emt 0:00:52]} Qb7 {[%emt 0:02:11]} 25. Qxb7 {[%emt 0:00:02]} Rxb7 {[%emt 0:00:02]} 26. Red1 {[%emt 0:04:47]} Rd8 {[%emt 0:04:07]} 27. Nc4 {[%emt 0:15:21]} Rxb3 {[%emt 0:09:14]} 28. Rxd6 {[%emt 0:00:24]} Rxd6 {[%emt 0:02:08]} 29. Nxd6 {[%emt 0:00:04]} Bf8 {[%emt 0:05:11]} 30. Ne8 {[%emt 0:03:56]} Rb7 {[%emt 0:07:17]} 31. Nf6+ {[%emt 0:00:28]} Kg7 {[%emt 0:00:29]} 32. Nd5 {[%emt 0:00:44]} Ra7 {[%emt 0:01:22]} 33. Rc4 {[%emt 0:00:10]} Ra5 {[%emt 0:01:41]} 34. Kf3 {[%emt 0:01:57]} Bd6 {[%emt 0:01:14]} 35. e4 {[%emt 0:03:48]} fxe4+ {[%emt 0:01:07]} 36. Kxe4 {[%emt 0:00:29]} f5+ {[%emt 0:02:07]} 37. Kd3 {[%emt 0:02:20]} Kf7 {[%emt 0:01:38]} 38. Nc3 {[%emt 0:08:07]} Ke6 {[%emt 0:02:40]} 39. f4 {[%emt 0:00:57]} Be7 {[%emt 0:04:22]} 40. Nb5 {[%emt 0:00:34]} Kd5 {[%emt 0:03:47] Ke4+} 1/2-1/2

[Event "SVK-ch Open 2018"]
[Site "Banska Stiavnica"]
[Date "2018.07.11"]
[Round "5"]
[White "Dylag, Emilia"]
[Black "Franzen, Jozef"]
[Result "0-1"]
[WhiteElo "1935"]
[BlackElo "2256"]
[Annotator "NA"]
[PlyCount "112"]
[EventDate "2018.07.07"]
[EventType "swiss"]
[EventCountry "SVK"]
[SourceTitle "playchess.com"]
[Source "ChessBase"]
[SourceQuality "1"]
[TimeControl "40/5400+30:1800+30"]

1. d4 {[%emt 0:00:00]} Nf6 {[%emt 0:00:00]} 2. Bf4 {[%emt 0:00:00]} g6 {[%emt 0:00:00]} 3. Nc3 {[%emt 0:00:00]} d5 {[%emt 0:00:15]} 4. e3 {[%emt 0:00:16]} Bf5 {[%emt 0:00:50]} 5. h4 {[%emt 0:00:51]} h5 {[%emt 0:01:27]} 6. Nf3 {[%emt 0:00:51]} c6 {[%emt 0:00:36]} 7. Bd3 {[%emt 0:01:24]} e6 {[%emt 0:00:51]} 8. Qe2 {[%emt 0:09:07]} Bg7 {[%emt 0:00:31]} 9. O-O-O {[%emt 0:02:14]} O-O {[%emt 0:00:25]} 10. Ne5 {[%emt 0:02:12]} Nfd7 {[%emt 0:03:16]} 11. e4 {[%emt 0:12:22]} dxe4 {[%emt 0:00:22]} 12. Bxe4 {[%emt 0:00:22]} Bxe4 {[%emt 0:04:34]} ({Günstiger ist} 12... Nxe5 $14 13. dxe5 Qc7) 13. Qxe4 $14 {[%emt 0:02:04]} (13. Nxe4 $18 Qa5 14. Kb1) 13... Nf6 {[%emt 0:00:29]} 14. Qe2 {[%emt 0:02:17]} Nd5 {[%emt 0:06:46]} 15. Nxd5 {[%emt 0:01:41]} Qxd5 {[%emt 0:00:29]} 16. c4 {[%emt 0:02:07]} Qa5 {[%emt 0:00:48]} 17. Kb1 {[%emt 0:00:55]} c5 {[%emt 0:01:26]} 18. d5 {[%emt 0:03:46]} exd5 {[%emt 0:00:16]} 19. Rxd5 {[%emt 0:02:49]} Nc6 {[%emt 0:01:30]} 20. Nxc6 {[%emt 0:22:32]} bxc6 {[%emt 0:00:03]} 21. Rd7 {[%emt 0:04:51]} Rae8 {[%emt 0:05:49]} 22. Qc2 {[%emt 0:01:35]} Re6 {[%emt 0:03:14]} 23. Rhd1 {[%emt 0:08:56]} Bd4 {[%emt 0:01:57]} 24. Bd2 {[%emt 0:03:38]} Qb6 {[%emt 0:05:57]} 25. Bc3 {[%emt 0:01:29]} Rd8 {[%emt 0:01:42]} 26. Rxd8+ {[%emt 0:01:52]} Qxd8 {[%emt 0:00:01]} 27. g3 {[%emt 0:04:08]} Qf6 {[%emt 0:03:26]} 28. Bxd4 {[%emt 0:00:29]} cxd4 {[%emt 0:00:02]} 29. c5 {[%emt 0:00:22]} Re7 {[%emt 0:00:24]} 30. Qd3 {[%emt 0:03:21]} Rd7 {[%emt 0:02:19]} 31. f4 {[%emt 0:00:37]} Rd5 {[%emt 0:00:48]} 32. b4 {[%emt 0:00:49]} Qe7 {[%emt 0:01:09]} 33. Kc2 {[%emt 0:00:55]} a5 {[%emt 0:01:56]} 34. a3 {[%emt 0:00:31]} Rd8 {[%emt 0:02:39]} 35. Qc4 {[%emt 0:02:15]} Qe4+ {[%emt 0:02:51]} 36. Qd3 {[%emt 0:00:07]} Qe6 {[%emt 0:00:28]} 37. Kb2 {[%emt 0:00:32]} axb4 {[%emt 0:03:31]} 38. axb4 {[%emt 0:00:30]} Qd5 {[%emt 0:04:54]} 39. Rd2 {[%emt 0:00:59]} Kg7 {[%emt 0:08:06]} 40. Qb3 {[%emt 0:00:53]} Qe4 {[%emt 0:00:40]} 41. Qd3 {[%emt 0:31:41]} Qe6 {[%emt 0:31:09]} 42. Re2 {[%emt 0:00:42]} Qh3 {[%emt 0:02:25]} 43. Re4 {[%emt 0:01:09]} Qg2+ {[%emt 0:00:54]} 44. Re2 {[%emt 0:00:11]} Qg1 {[%emt 0:00:40]} 45. Re4 {[%emt 0:00:00]} Rd7 {[%emt 0:00:00]} 46. Kb3 {[%emt 0:00:00]} Qf2 {[%emt 0:00:00]} 47. Kc4 {[%emt 0:00:00]} Qa2+ {[%emt 0:00:00]} 48. Qb3 {[%emt 0:00:00]} Qa1 {[%emt 0:00:00]} 49. Re2 {[%emt 0:00:00]} d3 {[%emt 0:00:00]} 50. Rb2 {[%emt 0:00:00]} Kh7 {[%emt 0:00:00]} 51. b5 {[%emt 0:00:12]} d2 {[%emt 0:00:00]} 52. bxc6 {[%emt 0:00:57]} d1=Q {[%emt 0:00:00]} 53. cxd7 {[%emt 0:00:32]} Qxd7 {[%emt 0:00:00]} 54. Qb6 {[%emt 0:02:04]} Qc1+ {[%emt 0:00:00]} 55. Kb3 {[%emt 0:00:25]} Qd5+ {[%emt 0:00:00]} 56. Ka4 {[%emt 0:00:27]} Qa1+ {[%emt 0:00:00]} 0-1

[Event "SVK-ch Open 2018"]
[Site "Banska Stiavnica"]
[Date "2018.07.11"]
[Round "5"]
[White "Kucera, Michal"]
[Black "Sikora, Jan"]
[Result "0-1"]
[WhiteElo "1921"]
[BlackElo "2209"]
[Annotator "NA"]
[PlyCount "60"]
[EventDate "2018.07.07"]
[EventType "swiss"]
[EventCountry "SVK"]
[SourceTitle "playchess.com"]
[Source "ChessBase"]
[SourceQuality "1"]
[TimeControl "40/5400+30:1800+30"]

1. e4 {[%emt 0:00:00]} c5 {[%emt 0:00:00]} 2. Nf3 {[%emt 0:00:00]} d6 {[%emt 0:00:00]} 3. d4 {[%emt 0:00:00]} cxd4 {[%emt 0:00:00]} 4. Nxd4 {[%emt 0:00:00]} Nf6 {[%emt 0:00:00]} 5. Nc3 {[%emt 0:00:06]} a6 {[%emt 0:00:00]} 6. Bg5 {[%emt 0:01:28]} Nbd7 {[%emt 0:00:11]} 7. Qd2 {[%emt 0:05:08]} e6 $11 {[%emt 0:07:02] LiveBook: 49 Partien} 8. O-O-O {[%emt 0:02:24]} Be7 {[%emt 0:08:14]} 9. f4 {[%emt 0:03:39]} Qc7 {[%emt 0:06:31]} 10. Bd3 {[%emt 0:08:41]} h6 {[%emt 0:06:35]} 11. Bxf6 {[%emt 0:07:04]} Bxf6 {[%emt 0:00:07]} 12. Be2 {[%emt 0:02:29]} Be7 {[%emt 0:07:33]} 13. f5 {[%emt 0:08:09]} Bg5 {[%emt 0:02:18]} 14. fxe6 {[%emt 0:00:24]} Nf6 {[%emt 0:06:10]} 15. Qxg5 {[%emt 0:07:15]} hxg5 {[%emt 0:00:02]} 16. Nf5 {[%emt 0:01:05]} Bxe6 {[%emt 0:08:30]} 17. Nxd6+ {[%emt 0:00:24]} Kf8 {[%emt 0:00:17]} 18. e5 {[%emt 0:01:10]} Ne8 {[%emt 0:03:43]} 19. Nce4 {[%emt 0:03:29]} Nxd6 {[%emt 0:01:04]} 20. exd6 {[%emt 0:01:19]} Qa5 {[%emt 0:02:39]} 21. a3 {[%emt 0:05:25]} Qe5 {[%emt 0:05:08]} 22. Bd3 {[%emt 0:01:40]} f5 {[%emt 0:02:06]} 23. Ng3 {[%emt 0:01:17]} Rd8 {[%emt 0:04:28]} 24. Nxf5 {[%emt 0:05:10]} Qf4+ {[%emt 0:09:29]} 25. Kb1 {[%emt 0:01:42]} Bxf5 {[%emt 0:00:03]} 26. g3 {[%emt 0:00:48]} Qg4 {[%emt 0:01:01]} 27. Rdf1 {[%emt 0:05:01]} g6 {[%emt 0:00:54]} 28. Rf2 {[%emt 0:00:39]} Rxd6 {[%emt 0:01:45]} 29. Be2 {[%emt 0:03:10]} Qe4 {[%emt 0:01:24]} 30. Rhf1 {[%emt 0:02:39]} Qxc2+ {[%emt 0:00:44]} 0-1

[Event "SVK-ch Open 2018"]
[Site "Banska Stiavnica"]
[Date "2018.07.11"]
[Round "5"]
[White "Gresova, Zuzana"]
[Black "Volcko, Richard"]
[Result "0-1"]
[WhiteElo "1920"]
[BlackElo "2068"]
[Annotator "NA"]
[PlyCount "90"]
[EventDate "2018.07.07"]
[EventType "swiss"]
[EventCountry "SVK"]
[SourceTitle "playchess.com"]
[Source "ChessBase"]
[SourceQuality "1"]
[TimeControl "40/5400+30:1800+30"]

1. e4 {[%emt 0:00:00]} e5 {[%emt 0:00:00]} 2. Nf3 {[%emt 0:00:00]} Nc6 {[%emt 0:00:00]} 3. d4 {[%emt 0:00:00]} exd4 {[%emt 0:00:00]} 4. Nxd4 {[%emt 0:00:05]} Nf6 {[%emt 0:00:00]} 5. Nxc6 {[%emt 0:00:59]} bxc6 {[%emt 0:00:06]} 6. e5 {[%emt 0:00:36]} Qe7 {[%emt 0:00:13]} 7. Qe2 {[%emt 0:00:59]} Nd5 {[%emt 0:00:13]} 8. c4 {[%emt 0:01:40]} Nb6 {[%emt 0:00:11]} 9. Nc3 {[%emt 0:02:23]} Ba6 {[%emt 0:00:31]} 10. Qe4 {[%emt 0:05:50]} Qe6 {[%emt 0:02:47]} 11. b3 {[%emt 0:08:08]} O-O-O {[%emt 0:04:27]} 12. Bd3 {[%emt 0:14:13]} Re8 {[%emt 0:08:02]} 13. f4 {[%emt 0:04:35]} f6 {[%emt 0:05:18]} 14. O-O {[%emt 0:07:53]} fxe5 {[%emt 0:08:20]} 15. fxe5 {[%emt 0:02:09]} Qxe5 {[%emt 0:01:28]} 16. Qxe5 {[%emt 0:03:55]} Rxe5 {[%emt 0:00:09]} 17. Bf4 {[%emt 0:00:47]} Re8 {[%emt 0:10:30]} 18. Rad1 {[%emt 0:03:28]} Bc5+ {[%emt 0:03:59]} 19. Kh1 {[%emt 0:00:24]} Bd4 {[%emt 0:02:46]} 20. Ne4 {[%emt 0:03:44]} c5 {[%emt 0:03:41]} 21. Ng5 {[%emt 0:01:29]} h6 {[%emt 0:03:01]} 22. Nf3 {[%emt 0:01:53]} Rhf8 {[%emt 0:02:42]} 23. Bg3 {[%emt 0:02:38]} Bc3 {[%emt 0:09:17]} 24. Kg1 {[%emt 0:02:30]} Bb7 {[%emt 0:07:08]} 25. Rc1 {[%emt 0:03:04]} Bf6 {[%emt 0:03:09]} 26. a4 {[%emt 0:08:52]} Re3 {[%emt 0:04:56]} 27. Rcd1 {[%emt 0:01:40]} d6 {[%emt 0:02:50]} 28. Bf2 {[%emt 0:05:47]} Ree8 {[%emt 0:04:58]} 29. Bf5+ {[%emt 0:02:18]} Kb8 {[%emt 0:00:33]} 30. Rd3 {[%emt 0:02:16]} Nc8 {[%emt 0:01:37]} 31. Nh4 {[%emt 0:01:57]} Ne7 {[%emt 0:02:36]} 32. Bg6 {[%emt 0:01:10]} Nxg6 {[%emt 0:01:33]} 33. Nxg6 {[%emt 0:00:10]} Rf7 {[%emt 0:01:17]} 34. Nf4 {[%emt 0:00:47]} Be5 {[%emt 0:01:46]} 35. Nd5 {[%emt 0:00:50]} Ref8 {[%emt 0:00:31]} 36. Rdd1 {[%emt 0:01:28]} Bxd5 {[%emt 0:01:02]} 37. cxd5 {[%emt 0:00:34]} Bxh2+ {[%emt 0:00:36]} 38. Kxh2 {[%emt 0:00:22]} Rxf2 {[%emt 0:00:09]} 39. Rxf2 {[%emt 0:01:16]} Rxf2 {[%emt 0:00:06]} 40. Rd3 {[%emt 0:01:09]} Rf4 {[%emt 0:00:59]} 41. Kg3 {[%emt 0:31:13]} Rf5 {[%emt 0:31:31]} 42. Kg4 {[%emt 0:00:48]} g6 {[%emt 0:00:08]} 43. Kh3 {[%emt 0:00:42]} Kb7 {[%emt 0:00:23]} 44. g4 {[%emt 0:01:00]} Re5 {[%emt 0:00:17]} 45. Kg3 {[%emt 0:00:23]} Kb6 {[%emt 0:00:22]} 0-1